| 000 | 00519nam a2200193Ia 4500 | ||
|---|---|---|---|
| 008 | 170918s9999 xx 000 0 und d | ||
| 020 | _a9780439744478 | ||
| 050 | _bC222ch 2004 | ||
| 100 | _aCanfield, Jack | ||
| 245 | _aChicken soup for the African American soul / | ||
| 245 | _cby Jack Canfield, Mark Victor Hansen, Lisa Nichols & Tom Jorner. | ||
| 260 | _aNew York : | ||
| 260 | _bScholastic, | ||
| 260 | _c2004 | ||
| 300 | _a382 pages : | ||
| 300 | _billustrations ; | ||
| 300 | _c22cm. | ||
| 500 | _a970 | ||
| 999 |
_c344177 _d344177 |
||